| 000 | 00383 a2200145 4500 | ||
|---|---|---|---|
| 999 |
_c326375 _d326375 |
||
| 001 | 91302 | ||
| 003 | NUST | ||
| 082 | _a363.32517 MOE | ||
| 100 |
_aMoeed Yusuf _99918 |
||
| 245 |
_aPakistan's Counterterrorism Challenge _nEnglish _cYousaf Moeed |
||
| 250 | _a1st | ||
| 260 |
_aNew Delhi _bFoundation Books _c2014 |
||
| 300 |
_axv,252 p. _bHB |
||
| 500 | _aGeneral Book | ||
| 942 |
_aCAE NUST _cBK _k363.32517 MOE _2ddc |
||